00811nam a2200217 i 4500001000700000003000900007005001700016007000300033008004100036020001800077080002200095100003200117245012200149260005800271300002200329504003200351650004900383852002100432999001900453952012100472101644ES-MaACL20230906182941.0t|051021s1978 xxu |||| | eng d a84-399-8373-5 a806.90-087(814.2)1 aMegenney, William W.97980410aA Bahian heritage b: an ethnolinguistic study of african influences on bahian portuguese / cby William W. Megenney. aChapel Hill : bUniversity of North Carolina, c1978. a230 p. ; c24 cm. aBibliografía: p. 218-228. 4aLengua portuguesa-zBahía (Estado)9162795 aES-MaACLjA-9448 c101644d101644 00104070aATENEOMbATENEOMcDEPO1d2008-01-17eSCl0oA-9448p1106116r2023-02-23 00:00:00w2023-02-23yMONOGRAFIA